000 01413 a2200217 4500
001 48629
005 20260407155751.0
008 260407a2001 arg spa d
003 AR-UNSa-BCEJYS
040 _aAR-UNSa-BCEJYS
_bspa
_cAR-UNSa-BCEJYS
080 _a94(82):33
_xHistoria Económica Argentina
245 1 0 _aHistoria del Agro Argentino
_pDesde la conquista hasta fines dl siglo XX
020 _a987-9397-21-5
264 1 _aBuenos Aires :
_bGrijalbo Mondadari
_c2001
300 _a460 p.
_c20 cm.
505 _a1. Las sociedades indígenas y la conquista - 2. El modelo clásico colonial - 3. Las reformas borbónicas y las tensiones del mundo agrario - 4. La revolución de independencia y la expansión ganadera - 5. Desierto y Nación: cambios y continuidades entre 1850 y 1880 - 6. La conformación básica del agro moderno 1880-1914 - 7. La evaluación del sector agropecuario entre la primera guerra mundial y la gran depresión internacional 1914-1929 - 8. La gran depresión y la crisis - 9. La declinación de la agricultura Pampeana 1940-1952 - 10. La recuperación de la agricultura Pampeana y la culminación de la vigencia del sistema tradicional de arrendamientos - 11. Los cambios de las políticas macroeconómicas y su impacto sobre el sector agropecuario 1970-2000
942 _cBK
590 _aniveau_biblio:m niveau_hierar:0
100 1 _aBarsky, Osvaldo
700 1 _aGelman, Jorge
999 _c4657
_d4657